000 00527 a2200157 4500
020 _a81-7371-564-5
082 _a620.1
090 _c1490
_d1490
100 _aNarasimhan, S
245 _aA First Course in Fluid Mechanics
_cS. Narasimhan
250 _a2006.
260 _aHyderabad, India
_bUniversities Press (India) Private Limited
_c2006.
300 _axiv, 438
942 _aSNS
_cBK
_k620.1 NAR
999 _c30101
_d30101